| 000 | 004610000a22001690004500 | ||
|---|---|---|---|
| 041 | 0 | _aENG | |
| 082 | 0 | 4 | _aG 261.1 B4711c |
| 100 | 1 | _aBennett, John C. (Coleman) (1902-) | |
| 245 | 1 | 0 | _aChristian ethics and social policy / John C. Bennett |
| 260 | _aNew York, USA : Ch. Scribner's Sons | ||
| 300 | _a132 Pag | ||
| 001 | 6776 | ||
| 942 | _cBK | ||
| 999 |
_c37039 _d37039 |
||
| 336 |
_atexto _btxt _2rdacontent |
||
| 337 |
_2rdamedia _asin mediación _bn |
||
| 338 |
_2rdacarrier _avolumen _bnc |
||